| 000 | 00768cam a2200217 4500 | ||
|---|---|---|---|
| 001 | ABS64606 | ||
| 008 | 011008n2001 000 0 eng u | ||
| 035 | _a(Sirsi) u115022 | ||
| 245 | _aAlternative land use | ||
| 260 | _c2001 | ||
| 490 |
_aFarm Development Review _v15(8) June 2001, (8) LOAN |
||
| 520 | _aLooks at the revival in the UK's vineyards, green burial opportunities, and carp fisheries. Also discusses the recent marketing boost for Cartwheel, the South West farm tourism marketing company that has just been awarded a £3.5m contract. | ||
| 590 | _aABS | ||
| 650 | _aRURAL DIVERSIFICATION | ||
| 650 | _aVINEYARDS | ||
| 650 | _aBURIAL GROUNDS | ||
| 650 | _aFISHERIES | ||
| 650 | _aALTERNATIVE LAND USE | ||
| 690 |
_aRural _96268 |
||
| 942 | _n0 | ||
| 999 |
_c68501 _d68501 |
||